| 000 | 00628nam a2200205Ia 4500 | ||
|---|---|---|---|
| 003 | IN-BaIIA | ||
| 008 | 211028s9999 xx 000 0 eng d | ||
| 020 | _a0-521-32663 | ||
| 040 | _cIIA Library | ||
| 080 |
_a52-732 _bFRA |
||
| 100 |
_aFraser, G. W. _916547 |
||
| 245 | 0 |
_aX-ray detectors in astronomy _cFraser, G. W |
|
| 260 |
_aCambridge _bCambridge University Press _c1989 |
||
| 300 | _aix, 302p. | ||
| 490 | _aCambridge astrophysics series | ||
| 650 |
_aAstronomy _980 |
||
| 650 | _aAstronomy and astrophysics thesaurus | ||
| 650 |
_aX-ray detectors _916548 |
||
| 942 | _cBK | ||
| 999 |
_c9774 _d9774 |
||